| 000 | 00621nam a2200193 i 4500 | ||
|---|---|---|---|
| 001 | 188103 | ||
| 003 | SpMaBN | ||
| 005 | 20250830063112.0 | ||
| 008 | 180430s1971 sp a |||| | spa d | ||
| 080 | _a860-321.2"19" | ||
| 100 | 1 |
_aCosta Clavell, Xavier, _d1923-2006 _941089 |
|
| 245 | 1 | 0 |
_aRodrÃguez 71 / _cMiguel Arceledo ; [portada e ilustraciones, Gin]. |
| 260 |
_aBarcelona : _bRodegar, _c[1971] |
||
| 300 |
_a125 p. : _bil. ; _c17 cm. |
||
| 594 | _aMiguel Arceledo es seud. de Xavier Costa Calvell. | ||
| 700 | 0 |
_aGin ( _d1930-1996) _9164725 |
|
| 852 |
_aES-MaACL _jL-31996 |
||
| 999 |
_c188103 _d188103 |
||